Սիպիլ : (Record no. 115824)
[ view plain ]
| 000 -LEADER | |
|---|---|
| fixed length control field | 01100nam a2200253 a 4500 |
| 001 - CONTROL NUMBER | |
| control field | 000312617 |
| 003 - CONTROL NUMBER IDENTIFIER | |
| control field | AM-YeHGA |
| 005 - DATE AND TIME OF LATEST TRANSACTION | |
| control field | 20250618072007.0 |
| 008 - FIXED-LENGTH DATA ELEMENTS--GENERAL INFORMATION | |
| fixed length control field | 040226s1980 |||||| |||||||||||||arm|c |
| 040 ## - CATALOGING SOURCE | |
| Original cataloging agency | AM-YeHGA |
| 041 0# - LANGUAGE CODE | |
| Language code of text/sound track or separate title | arm |
| 090 ## - LOCALLY ASSIGNED LC-TYPE CALL NUMBER (OCLC); LOCAL CALL NUMBER (RLIN) | |
| -- | 117169 |
| 100 1# - MAIN ENTRY--PERSONAL NAME | |
| Personal name | Մինասյան, Արփիկ Մինասի |
| 245 10 - TITLE STATEMENT | |
| Title | Սիպիլ : |
| Remainder of title | (Զապել Ասատուր): [Մենագրություն] / |
| Statement of responsibility, etc. | Ա.Մ. Մինասյան; Գրախոս.՝ Կ.Ա. Դանիելյան; ԵՊՀ. |
| 260 ## - PUBLICATION, DISTRIBUTION, ETC. | |
| Place of publication, distribution, etc. | Երևան : |
| Name of publisher, distributor, etc. | Երևանի համալս. հրատ., |
| Date of publication, distribution, etc. | 1980. |
| 300 ## - PHYSICAL DESCRIPTION | |
| Extent | 174 էջ : |
| Other physical details | 1 թ. դիմանկ. ; |
| Dimensions | 17 սմ. |
| 504 ## - BIBLIOGRAPHY, ETC. NOTE | |
| Bibliography, etc. note | Ծանոթագր., էջ` 166-174 |
| 600 04 - SUBJECT ADDED ENTRY--PERSONAL NAME | |
| Personal name | Սիպիլ, |
| Dates associated with a name | 1863-1934 |
| 650 14 - SUBJECT ADDED ENTRY--TOPICAL TERM | |
| Topical term or geographic name entry element | Հայ գրականագիտություն |
| General subdivision | Մենագրություն |
| 650 14 - SUBJECT ADDED ENTRY--TOPICAL TERM | |
| Topical term or geographic name entry element | Հայ գրողների կյանքն ու գործունեությունը |
| 9 (RLIN) | 4515 |
| 653 0# - INDEX TERM--UNCONTROLLED | |
| Uncontrolled term | Արևմտահայ գրողներ |
| 700 1# - ADDED ENTRY--PERSONAL NAME | |
| Personal name | Դանիելյան, Կարլեն Արտաշեսի, |
| Dates associated with a name | 1931-1998 |
| Relator term | գրախոս. |
| Relationship | rev |
| 9 (RLIN) | 2552 |
| 710 2# - ADDED ENTRY--CORPORATE NAME | |
| Corporate name or jurisdiction name as entry element | Երևանի պետական համալսարան |
| Withdrawn status | Lost status | Damaged status | Not for loan | Collection | Home library | Current library | Date acquired | Total checkouts | Full call number | Barcode | Date last seen | Cost, replacement price | Price effective from | Koha item type | Public note |
|---|---|---|---|---|---|---|---|---|---|---|---|---|---|---|---|
| General | Fundamental Scientific Library | Fundamental Scientific Library | 22/12/2016 | AI/16073 | FL0056737 | 22/12/2016 | 90.00 | 22/12/2016 | Գրքեր / Books | 30 Days Loan | |||||
| General | Fundamental Scientific Library | Fundamental Scientific Library | 22/12/2016 | AI/16114 | FL0056774 | 22/12/2016 | 90.00 | 22/12/2016 | Գրքեր / Books | 30 Days Loan | |||||
| General | Fundamental Scientific Library | Fundamental Scientific Library | 22/12/2016 | AI/16279 | FL0057023 | 22/12/2016 | 20.00 | 22/12/2016 | Գրքեր / Books | 30 Days Loan |
ՀՀ Գիտությունների ազգային ակադեմիայի հիմնարար գիտական գրադարան = Fundamental Scientific Library of NAS RA
All site content, except where otherwise noted, is licensed under a